| 000 | 00938nam a2200265 a 4500 | ||
|---|---|---|---|
| 008 | 951121s1987||||[C 0 slo c | ||
| 020 |
_c20 Kčs. _q(3000 výtl.) |
||
| 040 |
_aSNK _bslo _cSNK _eAACR2 |
||
| 041 | 1 |
_aslo _hslo |
|
| 044 |
_axo _cSK |
||
| 080 | _a784.66:329.78 | ||
| 080 | _a329.78 | ||
| 080 | _a820/899 (100)-1 | ||
| 100 | 1 |
_aBrhlovič, Peter _4aut |
|
| 245 | 1 | 0 |
_aMladosť a pieseň _bDetské a mládežnícke pokrokové piesne. Publikácia k zjazdu SZM v SSR a 4. zjazdu SZM _cPeter Brhlovič ; Peter Brhlovič, Martin Kellenberger, Jozef Pernecký |
| 250 | _a1., vyd. | ||
| 260 |
_aBratislava _bSmena _c1987 _eBratislava _fPravda |
||
| 300 |
_a80 s., 6,89 AH _bNoty. _c20 cm |
||
| 490 | 0 | _aZväzácka knižnica | |
| 500 | _aRozlož. ilustr. tit. list. Ilustr. na front. a predsádkach. | ||
| 700 | 1 |
_aBrhlovič, Peter _4com |
|
| 700 | 1 |
_aKellenberger, Martin _4bkd |
|
| 700 | 1 |
_aPernecký, Jozef _4bkd |
|
| 958 | _aA | ||
| 999 |
_c15227 _d15227 |
||